Quiz sul Kosovo - Statistics

Statistiche generali
  • Questo quiz è stato fatto 646 volte
  • Il punteggio medio è 9 su 15
Statistiche sulle risposte
Hint Risposta % Corretto
Capitale del Kosovo Pristina
95%
Paese che reclama la sovranità sul Kosovo Serbia
95%
Religione professata dal 96% dei Kosovari Islam
86%
Anno che il Kosovo ha dichiarato l'indipendenza da questo Paese 2008
83%
Impero del quale il Kosovo ha fatto parte dal 1455 al 1912 Impero Ottomano
83%
Il Kosovo è il terzo Paese europeo più ____ dopo la Moldavia e l'Ucraina Povero
75%
Moneta utilizzata dal Kosovo Euro
72%
Il Kosovo è uno dei 3 Paesi ufficiali di "JetPunk" che non è membro di questa organizzazione Nazioni Unite
72%
Maggiore gruppo etnico e linguistico Albanese
64%
Cantante pop inglese i cui genitori emigrarono dal Kosovo poco prima che lei nascesse Dua Lipa
51%
Parte del Kosovo che, a suo tempo, ha voluto separarsi dal Kosovo {Nord} Kosovo
51%
Kosovo ha la quinta riserva più grande di lignite del mondo. Che cos'è la lignite? Tipo di {carbone}
38%
Seconda maggiore città Prizren
26%
Nome con la quale è meglio conosciuta la "Battaglia del Kosovo", combattuta nel 1389 tra le forze cristiane e quelle mussulmane Battaglia della Piana dei {Merli}
18%
Regno che includeva nel proprio territorio il moderno Kosovo prima della conquista romana del 28 d.C. Dardania
13%
Nessun quiz corrispondente trovato
Distribuzione punteggi
Percentuale di utenti per punteggio
Percentile per numero di risposta
I tuoi punteggi nel tempo
Non hai fatto questo quiz